| 000 | 00485aam a2200181 4500 | ||
|---|---|---|---|
| 005 | 20250219143012.0 | ||
| 008 | 150629b2011 xxu||||| |||| 00| 0 spa d | ||
| 041 | _aESP | ||
| 082 | _aR 467.972.86 G454a5 | ||
| 100 | _aGiebler Simonet, Alf Alexander | ||
| 245 | _aA lo tico costarriqueñismos y otras vainas | ||
| 250 | _a5 edición | ||
| 260 |
_aCosta Rica _bJadine _c2011 |
||
| 300 | _a180 páginas | ||
| 650 | _aCOSTARRIQUEÑISMOS | ||
| 650 | _aDICCIONARIOS | ||
| 942 |
_cREF _2ddc |
||
| 999 |
_c3155 _d3155 |
||